À quel pays ces îles appartiennent ? - Statistiques

Statistiques générales
  • Ce quiz a été pris 265 fois
  • Le résultat moyen est 15 sur 20
Statistiques - réponses
Les îles Réponse % Correct
Corse France
100%
Sicile Italie
100%
Hawaï États-Unis
99%
Crète Grèce
99%
Île deTasmanie Australie
97%
Groenland Danemark
97%
Tenerife Espagne
93%
Sumatra Indonésie
91%
Madagascar Madagascar
87%
Zanzibar Tanzanie
82%
Île du Sud Nouvelle-Zélande
79%
Île Victoria Canada
70%
Spitzberg Norvège
70%
Trinité Trinité-et-Tobago
70%
Nouvelle-Zemble Russie
63%
Île de Queimada Grande Brésil
59%
Palawan Philippines
56%
Île de North Sentinel Inde
49%
Socotra Yémen
34%
Viti Levu Fidji
22%
Aucun quiz correspondant
Distribution des résultats
% des personnes avec chaque résultat
Percentile par nombre de réponses
Votre historique - résultats
Vous n’avez pas pris ce quiz